| 000 | 00453 a2200169 4500 | ||
|---|---|---|---|
| 999 |
_c4371 _d4371 |
||
| 020 | _a0753400278 | ||
| 050 | _aPR6773 PRO 1996 | ||
| 100 |
_aProbert, Ian _eauthor |
||
| 245 |
_aThe Internet incident / _cIan Probert |
||
| 264 |
_aLondon : _bKingfisher, _c1996 |
||
| 300 |
_a416p . : _bill. |
||
| 440 | _aYou cant hide the truth forever | ||
| 500 | _acover page picture | ||
| 650 | _aInternet | ||
| 651 | _a Internet | ||
| 942 |
_2lcc _cBK _h6773 _iPRO _kPR |
||